Losowe powiaty województwa śląskiego - Statystyki

Ogólne statystyki
  • Ten quiz został rozwiązany 11 razy
  • Średni wynik to 9 z 10
Odpowiedzi na mapie
Odpowiedzi zakodowano w zielono-czerwonej skali na mapie do tego quizu, zgodnie z poniższymi procentami.
 
Statystyki odpowiedzi
Powiat % Poprawnych
będziński
100%
bielski
100%
Bielsko-Biała
100%
bieruńsko-lędziński
100%
cieszyński
100%
Częstochowa
100%
częstochowski
100%
Dąbrowa Górnicza
100%
Gliwice
100%
gliwicki
100%
Jastrzębie-Zdrój
100%
Jaworzno
100%
Katowice
100%
kłobucki
100%
lubliniecki
100%
pszczyński
100%
Ruda Śląska
100%
rybnicki
100%
Rybnik
100%
Siemianowice Śląskie
100%
Sosnowiec
100%
Świętochłowice
100%
tarnogórski
100%
wodzisławski
100%
Zabrze
100%
Żory
100%
Tychy
80%
Mysłowice
67%
zawierciański
67%
Żywiecki
67%
mikołowski
60%
Chorzów
50%
Piekary Śląskie
50%
raciborski
50%
Bytom
0%
myszkowski
0%
Nie znaleziono quizów pasujących do podanych kryteriów
Rozkład punktacji
Procent ludzi z każdym wynikiem
Percentyl według liczby udzielonych odpowiedzi
Twoja historia wyników
Nie rozwiązałeś tego quizu